An introduction to operating systems / (Record no. 9850)
[ view plain ]
| 000 -LEADER | |
|---|---|
| fixed length control field | 01698nam a22002417a 4500 |
| 005 - ΗΜΕΡΟΜΗΝΙΑ ΚΑΙ ΩΡΑ ΤΕΛΕΥΤΑΙΑΣ ΕΝΗΜΕΡΩΣΗΣ | |
| Πεδίο ελέγχου | 20250801134825.0 |
| 006 - FIXED-LENGTH DATA ELEMENTS--ADDITIONAL MATERIAL CHARACTERISTICS | |
| Πεδίο ελέγχου σταθερού μήκους | a|||||r||||||||||| |
| 008 - FIXED-LENGTH DATA ELEMENTS--GENERAL INFORMATION | |
| Πεδίο ελέγχου σταθερού μήκους | t19891990 a b 001 0 eng d |
| 020 ## - ISBN | |
| ISBN | 0201180383 |
| 020 ## - ISBN | |
| ISBN | 0201180383 |
| 040 ## - ΠΗΓΗ ΚΑΤΑΛΟΓΟΓΡΑΦΗΣΗΣ | |
| Φορέας πρωτότυπης καταλογογράφησης | MC Athens Campus Library |
| Modifying agency | MC Athens Campus Library |
| Γλώσσα καταλογογράφησης | Ελληνικά, Μοντέρνα (1453-) |
| Κανόνες περιγραφικής καταλογογράφησης | AACR2 |
| 100 1# - MAIN ENTRY--PERSONAL NAME | |
| Personal name | Deitel, Harvey M., |
| Dates associated with a name | 1945- |
| 9 (RLIN) | 1838 |
| 245 13 - ΤΙΤΛΟΣ ΚΑΙ ΔΗΛΩΣΗ ΥΠΕΥΘΥΝΟΤΗΤΑΣ | |
| Τίτλος | An introduction to operating systems / |
| Statement of responsibility, etc. | Harvey M. Deitel. |
| 250 ## - EDITION STATEMENT | |
| Edition statement | 2nd ed. |
| 260 ## - PUBLICATION, DISTRIBUTION, ETC. | |
| Place of publication, distribution, etc. | Reading, Mass. : |
| Name of publisher, distributor, etc. | Addison-Wesley Pub. Co., |
| Date of publication, distribution, etc. | 1989, c1990. |
| 300 ## - PHYSICAL DESCRIPTION | |
| Extent | xxvi, 853 p. : |
| Other physical details | ill. ; |
| Διαστάσεις | 25 cm. |
| 504 ## - ΣΗΜΕΙΩΣΗ ΒΙΒΛΙΟΓΡΑΦΙΑΣ κλπ. | |
| Σημείωση βιβλιογραφίας, κλπ. | Includes bibliographical references and index. |
| 520 ## - SUMMARY, ETC. | |
| Summary, etc. | The third edition of Operating Systems has been entirely updated to reflect current core operating system concepts and design considerations. To complement the discussion of operating system concepts, the book features two in-depth case studies on Linux and Windows XP. The case studies follow the outline of the book, so readers working through the chapter material can refer to each case study to see how a particular topic is handled in either Linux or Windows XP. Using Java code to illustrate key points, Operating Systems introduces processes, concurrent programming, deadlock and indefinite postponement, mutual exclusion, physical and virtual memory, file systems, disk performance, distributed systems, security and more. New to this edition are a chapter on multithreading and extensive treatments of distributed computing, multiprocessing, performance, and computer security. An ideal up-to-date book for beginner operating systems readers. |
| 650 #0 - SUBJECT ADDED ENTRY--TOPICAL TERM | |
| Topical term or geographic name entry element | Operating systems (Computers) |
| 9 (RLIN) | 9911 |
| 650 #0 - SUBJECT ADDED ENTRY--TOPICAL TERM | |
| Topical term or geographic name entry element | Computing |
| 9 (RLIN) | 9851 |
| 942 ## - ADDED ENTRY ELEMENTS (KOHA) | |
| Koha item type | Books |
| Τύπος τεκμηρίου | Βιβλιοθήκη | Τρέχουσα τοποθεσία | Barcode | Αριθμός εισαγωγής | Ημερομηνία απόκτησης | Ταξιθετικό σύμβολο | Αριθμός αντιτύπου | Κατάσταση απόσυρσης | Κατάσταση χαμένου | Κατάσταση κατεστραμμένου | Μη δανεισμός | Σύνολο δανεισμών | Ημερομηνία τελευταίας εμφάνισης | Η τιμή ισχύει από |
|---|---|---|---|---|---|---|---|---|---|---|---|---|---|---|
| Books | MC Athens Campus Library | MC Athens Campus Library | 9780000098221 | 8022 | 01/08/2025 | 005.43 DEI | 1 | 01/08/2025 | 01/08/2025 |